Statistics for The most popular foods and drinks in the world

Click here to take the quiz!

General Stats

  • This quiz has been taken 118 times
  • The average score is 6 of 12

Answer Stats

Answer% Correct
Rice
79%
Bread
72%
Milk
67%
Chicken
66%
Coffee
61%
Tea
60%
Cheese
50%
Egg
43%
Apple
41%
Salad
19%
Soup
14%
Yogurt
14%

Score Distribution

Percentile by Number Answered

Percent of People with Each Score

Your Score History

You have not taken this quiz